000 00263nam a2200109Ia 4500
008 200302s9999 xx 000 0 und d
100 _aChristopher benninger
245 _aLetters to a young architect
260 _bC C B A Pvt. Ltd
260 _c2011
300 _a217
999 _c6329
_d6329